{"text_format":"3","workbook":"xlsx","n_sheets":3,"sheets":["3P","Resumo","Cronograma"],"not_rendered":{"defined_names":1,"pivot_tables":2},"read":"whole","date_system":"1900"}

{"sheet":"3P","index":0,"n_rows":261,"n_cols":15,"rows_kept":261,"merged":[[0,0,0,9],[1,3,3,11]]}
[]
[{"$nulls":3},"LOTE 3/10/11/12/13 - (Novembro'25) - RC02 - 3P"]
[]
[]
[]
[{"$nulls":4},{"$f":"SUM(E8:E261)","v":965},{"$nulls":6},{"$f":"SUM(L8:L261)","v":{"v":49270.57,"d":"R$ 49,270.57"}}]
["Tipo","Endereço WMS","Código ML","Código RZ","Qtd","Condição\n(Grade)","Grupo","Descrição do Item","Seller","Vertical","Valor Unit","Valor Total","Categoria","Subcategoria","Type Seller"]
["Retiro","RO-0-001-002-00-00","JDPX66589","RZ-586229",1,"U",4566036,"Óleo De Motor Quiksilver 2 Tempos Tc-w3 2 Tempos Para Veículos Náuticos 1 Kit De 6 Unidades X 1l / 1l","PARAQUEDA.NÁUTICA MATRIZ","VEHICLE PARTS & ACCESSORIES",{"v":282.48,"d":"R$ 282.48"},{"v":282.48,"d":"R$ 282.48"},"Acessórios para Veículos","Lubrificantes e Fluidos","3P"]
["Retiro","RO-0-001-001-00-00","KGTX89580","RZ-354335",5,"U",4396458,"Suplemento Com Melaço De Cana P/ Bovino Equino Suíno/ Ração","LOJACARBON","VEHICLE PARTS & ACCESSORIES",{"v":281.51,"d":"R$ 281.51"},{"v":1407.55,"d":"R$ 1,407.55"},"Agro","Insumos Gadeiros","3P"]
["Retiro","RO-0-001-002-00-00","KJAD59814","RZ-608421",1,"U",4572408,"Biofresh Super Premium Natural Ração Para Gatos Castrados Sabor Frango 7.5 Kg","GREYCOM LTDA","CPG",{"v":245.07,"d":"R$ 245.07"},{"v":245.07,"d":"R$ 245.07"},"Pet Shop","Gatos","3P"]
["Retiro","RO-0-001-001-00-00","QXIO04464","RZ-354195",4,"U",4398098,"Manta Liquida Emborrachada Hydromanta Elastica 15kg Branco","GALANTELEDS","CONSTRUCTION & INDUSTRY",{"v":237.73,"d":"R$ 237.73"},{"v":950.92,"d":"R$ 950.92"},"Construção","Loja das Tintas","3P"]
["Retiro","RO-0-001-001-00-00","GFNT27449","RZ-346017",1,"U",4361190,"Tinta Epoxi Ace Bco 3,6l Multissuperficies/suvinil Acabamento Acetinado Cor Branco","SAOGERALDOMANFRIN","CONSTRUCTION & INDUSTRY",{"v":220.28,"d":"R$ 220.28"},{"v":220.28,"d":"R$ 220.28"},"Construção","Loja das Tintas","3P"]
["Retiro","RO-0-001-002-00-00","OAPX27669","RZ-586229",4,"U",4556402,"Kit 5 Lâmpadas Tubular Coloridas 20w De Led T8 120 Cm ","DISTRIBUIDORA_VELLAR","CONSTRUCTION & INDUSTRY",{"v":203.54,"d":"R$ 203.54"},{"v":814.16,"d":"R$ 814.16"},"Casa, Móveis e Decoração","Iluminação Residencial","3P"]
["Retiro","RO-0-001-001-00-00","PIST78776","RZ-346017",1,"U",4361188,"Tênis De Treino Cross Training Grip 3 - Preto Rock Fit","FDCDAVANSOEIRELIEP","FASHION",{"v":199.59,"d":"R$ 199.59"},{"v":199.59,"d":"R$ 199.59"},"Calçados, Roupas e Bolsas","Calçados","3P"]
["Retiro","RO-0-001-002-00-00","NQVE91331","RZ-586229",1,"U",4566036,"Kit 20un Tomada 10a E 10un Interruptor 1ss Tramontina Aria Branco","CASA OLIVEIRA.","CONSTRUCTION & INDUSTRY",{"v":176.62,"d":"R$ 176.62"},{"v":176.62,"d":"R$ 176.62"},"Construção","Energia","3P"]
["Retiro","RO-0-001-002-00-00","PSQD05018","RZ-586229",1,"U",4566036,"Ração Gato Adulto Guabi Natural Frango Arroz Integral 7,5kg","GREYCOM LTDA","CPG",{"v":170.26,"d":"R$ 170.26"},{"v":170.26,"d":"R$ 170.26"},"Pet Shop","Gatos","3P"]
["Retiro","RO-0-001-001-00-00","GLJT99174","RZ-346017",2,"U",4361188,"Alavanca Freio De Mão Palio Strada Siena 100170716","RPCAR AUTOPEÇAS","VEHICLE PARTS & ACCESSORIES",{"v":162.71,"d":"R$ 162.71"},{"v":325.42,"d":"R$ 325.42"},"Acessórios para Veículos","Peças de Carros e Caminhonetes","3P"]
["Retiro","RO-0-001-002-00-00","VVKP66298","RZ-586229",1,"U",4566036,"Ração Cachorro Quatree Life Adulto Sem Transgênicos 15kg","GREYCOM LTDA","CPG",{"v":162.51,"d":"R$ 162.51"},{"v":162.51,"d":"R$ 162.51"},"Pet Shop","Gatos","3P"]
["Retiro","RO-0-001-002-00-00","GYTH21048","RZ-574045",1,"U",4550194,"Gran Plus High Premium Choice Sabor Frango E Carne Para Cães Adultos 20kg","GREYCOM LTDA","CPG",{"v":160.79,"d":"R$ 160.79"},{"v":160.79,"d":"R$ 160.79"},"Pet Shop","Gatos","3P"]
["Retiro","RO-0-001-001-00-00","EXWA91866","RZ-346017",1,"U",4361700,"Macaco Hidraulico Tipo Jacare Até 2 Toneladas Elevação 125-300mm 510085 Com Caixa Plástica Sparta","GALANTELEDS","VEHICLE PARTS & ACCESSORIES",{"v":158.39,"d":"R$ 158.39"},{"v":158.39,"d":"R$ 158.39"},"Acessórios para Veículos","Ferramentas para Veículos","3P"]
["Retiro","RO-0-001-001-00-00","CTUM38703","RZ-354195",1,"U",4398098,"Torneira Gourmet Cozinha Misturador Monocomando","CERANIL","CONSTRUCTION & INDUSTRY",{"v":158.25,"d":"R$ 158.25"},{"v":158.25,"d":"R$ 158.25"},"Casa, Móveis e Decoração","Móveis para Casa","3P"]
["Retiro","RO-0-001-002-00-00","XDIY67069","RZ-586229",2,"U",4566036,"Ração Quatree Life Gatos Ad Castrado 10.1kg Sem Transgênicos","GREYCOM LTDA","CPG",{"v":146.97,"d":"R$ 146.97"},{"v":293.94,"d":"R$ 293.94"},"Pet Shop","Gatos","3P"]
["Retiro","RO-0-001-002-00-00","YNYA05041","RZ-594007",1,"U",4566578,"Alimento Gran Plus Gourmet Para Gato Adulto Castrado Sabor Salmão E Frango De 10.1 Kg","GREYCOM LTDA","CPG",{"v":146.16,"d":"R$ 146.16"},{"v":146.16,"d":"R$ 146.16"},"Pet Shop","Gatos","3P"]
["Retiro","RO-0-001-002-00-00","UQXE52168","RZ-586229",1,"U",4566036,"Alimento Quatree Super Premium Supreme Para Cão Filhote De Raça Média E Grande Sabor Frango E Batata Doce Em Saco De 10.1kg","GREYCOM LTDA","CPG",{"v":145.35,"d":"R$ 145.35"},{"v":145.35,"d":"R$ 145.35"},"Pet Shop","Gatos","3P"]
["Retiro","RO-0-001-002-00-00","AKOJ90947","RZ-586229",1,"U",4556402,"Isolate Definition 1,8kg Bodyaction Sabor Chocolate","FITH0USE","HEALTH",{"v":142.99,"d":"R$ 142.99"},{"v":142.99,"d":"R$ 142.99"},"Esportes e Fitness","Suplementos e Shakers","3P"]
["Retiro","RO-0-001-002-00-00","AKOJ90947","RZ-574045",1,"U",4550194,"Isolate Definition 1,8kg Bodyaction Sabor Chocolate","FITH0USE","HEALTH",{"v":142.99,"d":"R$ 142.99"},{"v":142.99,"d":"R$ 142.99"},"Esportes e Fitness","Suplementos e Shakers","3P"]
["Retiro","RO-0-001-002-00-00","XSCL05073","RZ-574045",2,"U",4550194,"Ração Gran Plus Cães Menu Adultos Mini Carne E Arroz 15kg","GREYCOM LTDA","CPG",{"v":138.46,"d":"R$ 138.46"},{"v":276.92,"d":"R$ 276.92"},"Pet Shop","Cães","3P"]
["Retiro","RO-0-001-002-00-00","LMTV14665","RZ-574045",1,"U",4550194,"Kit Ferramentas Sincronismo Motor Fiat Fire E Fire Evo","FERRAMENTAS.ONLINE","CONSTRUCTION & INDUSTRY",{"v":138.26,"d":"R$ 138.26"},{"v":138.26,"d":"R$ 138.26"},"Acessórios para Veículos","Ferramentas para Veículos","3P"]
["Retiro","RO-0-001-002-00-00","HEZE20576","RZ-594007",1,"U",4566578,"Alimento Gran Plus Menu Castrados Para Gato Adulto Sabor Salmão Y Arroz De 10.1 Kg","GREYCOM LTDA","CPG",{"v":136.71,"d":"R$ 136.71"},{"v":136.71,"d":"R$ 136.71"},"Pet Shop","Gatos","3P"]
["Retiro","RO-0-001-002-00-00","WAZY80929","RZ-586229",1,"U",4566036,"Gabinete Para Banheiro 40cm Com Cuba E Espelho Armário Suspenso Lavabo Completo","B FB","CONSTRUCTION & INDUSTRY",{"v":136.29,"d":"R$ 136.29"},{"v":136.29,"d":"R$ 136.29"},"Casa, Móveis e Decoração","Móveis para Casa","3P"]
["Retiro","RO-0-001-001-00-00","OOSG50749","RZ-354195",1,"U",4398098,"Mahogany Fragrância Uma Tarde Na Toscana 100ml","ARON_SHOP","BEAUTY",{"v":134.72,"d":"R$ 134.72"},{"v":134.72,"d":"R$ 134.72"},"Beleza e Cuidado Pessoal","Perfumes","3P"]
["Retiro","RO-0-001-002-00-00","AUFR05245","RZ-608421",1,"U",4572408,"Alimento Gran Plus Menu Castrado Para Gato Adulto Sabor Frango Y Arroz De 10.1 Kg","GREYCOM LTDA","CPG",{"v":132.41,"d":"R$ 132.41"},{"v":132.41,"d":"R$ 132.41"},"Pet Shop","Gatos","3P"]
["Retiro","RO-0-001-001-00-00","PNJG72251","RZ-354195",3,"U",4396458,"Sintra Fast Apc Interior Intense Hidracouro Higicouro Vonixx","LOJAYAMASE","CPG",{"v":130.49,"d":"R$ 130.49"},{"v":391.47,"d":"R$ 391.47"},"Acessórios para Veículos","Limpeza Automotiva","3P"]
["Retiro","RO-0-001-001-00-00","OABP41307","RZ-354195",1,"U",4398098,"Fruteira De Mesa Madeira Artesanal Decorar Organizar Frutas","SOCL3359914","FURNISHING & HOUSEWARE",{"v":125.17,"d":"R$ 125.17"},{"v":125.17,"d":"R$ 125.17"},"Casa, Móveis e Decoração","Cozinha","3P"]
["Retiro","RO-0-001-002-00-00","JWAF73962","RZ-586229",1,"U",4566036,"Ração Gran Plus Mini Cães Filhote Raça Pequena Granplus 10kg","GREYCOM LTDA","CPG",{"v":118.65,"d":"R$ 118.65"},{"v":118.65,"d":"R$ 118.65"},"Pet Shop","Gatos","3P"]
["Retiro","RO-0-001-002-00-00","GOYN04911","RZ-608421",2,"U",4572408,"Ração Gran Plus Choice Gatos Adulto Frango E Carne 10,1kg","GREYCOM LTDA","CPG",{"v":116.07,"d":"R$ 116.07"},{"v":232.14,"d":"R$ 232.14"},"Pet Shop","Gatos","3P"]
["Retiro","RO-0-001-001-00-00","NUOM55917","RZ-346017",1,"U",4361188,"Suvinil Tinta Rende E Cobre Muito 3.6l Branco Standard","SAOGERALDOMANFRIN","CONSTRUCTION & INDUSTRY",{"v":114.16,"d":"R$ 114.16"},{"v":114.16,"d":"R$ 114.16"},"Construção","Loja das Tintas","3P"]
["Retiro","RO-0-001-001-00-00","SGKM43571","RZ-354195",1,"U",4398098,"Conjunto 24 Copos Vidro Resistente 360ml Grosso Luxo Moderno Transparente","IMPORTSBENJAMIM20231011135640","FURNISHING & HOUSEWARE",{"v":114.16,"d":"R$ 114.16"},{"v":114.16,"d":"R$ 114.16"},"Casa, Móveis e Decoração","Cozinha","3P"]
["Retiro","RO-0-001-001-00-00","SMCR24210","RZ-354195",10,"U",4398098,"Winepopper Lite - Abridor De Vinhos Automático A Gás Cor Branco","EASYWINEUTENSILIOSDOMESTICO","FURNISHING & HOUSEWARE",{"v":112.9,"d":"R$ 112.90"},{"v":1129,"d":"R$ 1,129.00"},"Casa, Móveis e Decoração","Cozinha","3P"]
["Retiro","RO-0-001-001-00-00","IZAR24313","RZ-354195",20,"U",4398098,"Saca Rolha A Gas Automático Winepopper Lite Preto","EASYWINEUTENSILIOSDOMESTICO","FURNISHING & HOUSEWARE",{"v":112.9,"d":"R$ 112.90"},{"v":2258,"d":"R$ 2,258.00"},"Casa, Móveis e Decoração","Cozinha","3P"]
["Retiro","RO-0-001-001-00-00","KZCN58926","RZ-354195",1,"U",4398098,"Monsterone Baunilha 3kg Darkness - Suplemento Hipercalórico Com Bcaas Para Aumento De Massa E Energia Nos Treinos","SPORTZONESUPP","HEALTH",{"v":111.76,"d":"R$ 111.76"},{"v":111.76,"d":"R$ 111.76"},"Saúde","Suplementos Alimentares","3P"]
["Retiro","RO-0-001-002-00-00","ESMQ78996","RZ-586229",3,"U",4566036,"Urso Gigante Pelúcia Grande Teddy 1,10 Metros + Frete Gratis Cor Doce De Leite Laço Vermelho Luckbaby","JD ENXOVAIS","T & B",{"v":110.61,"d":"R$ 110.61"},{"v":331.83,"d":"R$ 331.83"},"Brinquedos e Hobbies","Pelúcias","3P"]
["Retiro","RO-0-001-002-00-00","IUDM12355","RZ-608421",4,"U",4572408,"Cera De Carnauba Plus 3l Vonixx","DESTRADISTRIBUIDORA","VEHICLE PARTS & ACCESSORIES",{"v":110,"d":"R$ 110.00"},{"v":440,"d":"R$ 440.00"},"Acessórios para Veículos","Limpeza Automotiva","3P"]
["Retiro","RO-0-001-001-00-00","KQOY32893","RZ-354195",1,"U",4398098,"Combo Progressiva Nouar Maxx Tratamento Marroquino 2x1 Litro","LOJAS DOFUTURO","BEAUTY",{"v":107.42,"d":"R$ 107.42"},{"v":107.42,"d":"R$ 107.42"},"Beleza e Cuidado Pessoal","Cuidados com o Cabelo","3P"]
["Retiro","RO-0-001-001-00-00","YGRK80787","RZ-354195",1,"U",4396458,"Lavadora De Alta Pressão Lava Jato Portátil Com 2 Baterias Com Maleta Mini Elétrica Recarregável De Lavar Carro Profissional Potência Turbo Limpeza Compacta Potente Regulável Agua Marca Lfal","ZENITHECOMERCE","CONSTRUCTION & INDUSTRY",{"v":104.71,"d":"R$ 104.71"},{"v":104.71,"d":"R$ 104.71"},"Ferramentas","Ferramentas Elétricas","3P"]
["Retiro","RO-0-001-002-00-00","WAZY98738","RZ-574045",1,"U",4550194,"Ração Special Dog Premium Carne 15kg","GREYCOM LTDA","CPG",{"v":103.17,"d":"R$ 103.17"},{"v":103.17,"d":"R$ 103.17"},"Pet Shop","Cães","3P"]
["Retiro","RO-0-001-001-00-00","WDTH23597","RZ-354195",2,"U",4398098,"W100 Whey Concentrado Refil Pouch 900g Ducle De Leche Havanna Nutrata","MCSPORTS SUPLEMENTOS","HEALTH",{"v":100.32,"d":"R$ 100.32"},{"v":200.64,"d":"R$ 200.64"},"Esportes e Fitness","Suplementos e Shakers","3P"]
["Retiro","RO-0-001-001-00-00","MNRP93435","RZ-346017",3,"U",4361188,"Kit Limpa Couro Automotivo Vonixx + Intense Renova Painel","F.P IMPORTAÇÕES","VEHICLE PARTS & ACCESSORIES",{"v":100.22,"d":"R$ 100.22"},{"v":300.65999999999997,"d":"R$ 300.66"},"Acessórios para Veículos","Limpeza Automotiva","3P"]
["Retiro","RO-0-001-002-00-00","SMRL22796","RZ-586229",2,"U",4566036,"Integralmedica Creatina Hardcore Monohidratada - Pouch 1kg","G7NUTRIÇÃO ESPORTIVA","HEALTH",{"v":98.56,"d":"R$ 98.56"},{"v":197.12,"d":"R$ 197.12"},"Esportes e Fitness","Suplementos e Shakers","3P"]
["Retiro","RO-0-001-001-00-00","ZEBK31102","RZ-346017",2,"U",4361188,"N&d Tropical Selection Cães Mini Filhote Suino 2+0,5kg","PETEPET1002","CPG",{"v":95.93,"d":"R$ 95.93"},{"v":191.86,"d":"R$ 191.86"},"Pet Shop","Gatos","3P"]
["Retiro","RO-0-001-002-00-00","APUX34199","RZ-574045",1,"U",4550194,"Resina Epóxi Baixa Viscosidade Kit 1kg Transparente Gel Água","INNOVARE CARE","OTHERS",{"v":95.66,"d":"R$ 95.66"},{"v":95.66,"d":"R$ 95.66"},"Arte, Papelaria e Armarinho","Arte e Trabalhos Manuais","3P"]
["Retiro","RO-0-001-002-00-00","RZJN53850","RZ-574045",1,"U",4550194,"Ração Vegana Bicho Green Para Cães De Pequeno Porte 2,5kg","EMPORIO_PETEREPET","CPG",{"v":92.57,"d":"R$ 92.57"},{"v":92.57,"d":"R$ 92.57"},"Pet Shop","Cães","3P"]
["Retiro","RO-0-001-002-00-00","EICE24688","RZ-586229",1,"U",4566036,"Whey 100% Hd Refil Black Skull - 900g (wpc, Wpi E Wph) Sabor Morango","GALANTELEDS","HEALTH",{"v":87.82,"d":"R$ 87.82"},{"v":87.82,"d":"R$ 87.82"},"Saúde","Suplementos Alimentares","3P"]
["Retiro","RO-0-001-002-00-00","FUNL51103","RZ-586229",3,"U",4566036,"Suplemente Em Pó Whey 100% Hd Refil 900g Black Skull Sabor Cookies","GALANTELEDS","HEALTH",{"v":87.03,"d":"R$ 87.03"},{"v":261.09000000000003,"d":"R$ 261.09"},"Saúde","Suplementos Alimentares","3P"]
["Retiro","RO-0-001-002-00-00","IZQH77835","RZ-586229",1,"E",4566036,"Aurien Turquesa Deo Colonia Eudora 100ml","GUARIZZO_COSMETICOS","BEAUTY",{"v":79.11,"d":"R$ 79.11"},{"v":79.11,"d":"R$ 79.11"},"Beleza e Cuidado Pessoal","Perfumes","3P"]
["Retiro","RO-0-001-001-00-00","WWPF12885","RZ-354195",1,"U",4398098,"Cera Líquida Preta Start- Pretita 5l","NAPOLI_DESCARTAVEIS","VEHICLE PARTS & ACCESSORIES",{"v":75.03,"d":"R$ 75.03"},{"v":75.03,"d":"R$ 75.03"},"Acessórios para Veículos","Limpeza Automotiva","3P"]
["Retiro","RO-0-001-002-00-00","RWVV91660","RZ-574045",1,"U",4550194,"Kit Bolsa Feminina 3 Peças Bolsas Medias + Carteira Promoção","STORE DUARTS","FASHION",{"v":64.72,"d":"R$ 64.72"},{"v":64.72,"d":"R$ 64.72"},"Calçados, Roupas e Bolsas","Malas e Bolsas","3P"]
["Retiro","RO-0-001-001-00-00","QKIW59690","RZ-346017",1,"U",4361700,"25 Cabides Acrílico Saia Calça Shorts + Presilhas Bermuda","BLUSTOK","FURNISHING & HOUSEWARE",{"v":63.15,"d":"R$ 63.15"},{"v":63.15,"d":"R$ 63.15"},"Casa, Móveis e Decoração","Organização para Casa","3P"]
["Retiro","RO-0-001-002-00-00","PPLN06415","RZ-586229",1,"U",4566036,"Kit Jogo 12 Taças Cerveja Chop Floripa Nadir 300ml","MIXUTILIDADES2","FURNISHING & HOUSEWARE",{"v":62.28,"d":"R$ 62.28"},{"v":62.28,"d":"R$ 62.28"},"Casa, Móveis e Decoração","Cozinha","3P"]
["Retiro","RO-0-001-002-00-00","QQOR08875","RZ-608421",2,"U",4572408,"Polimero Liquido 250ml Vapor Puro Restauração De Farol Incolor","BLACKMESSA","VEHICLE PARTS & ACCESSORIES",{"v":61.46,"d":"R$ 61.46"},{"v":122.92,"d":"R$ 122.92"},"Acessórios para Veículos","Limpeza Automotiva","3P"]
["Retiro","RO-0-001-001-00-00","FBOU79677","RZ-346017",1,"U",4361700,"Enxaguante Bucal Periogard Refil 2l - Colgate","DROGARIALEALTANAKA","CPG",{"v":61.32,"d":"R$ 61.32"},{"v":61.32,"d":"R$ 61.32"},"Beleza e Cuidado Pessoal","Higiene Pessoal","3P"]
["Retiro","RO-0-001-001-00-00","WOAQ85978","RZ-346017",1,"U",4361190,"Sintra Pro 5l Multilimpador Vonixx Flotador Bactericida","DESTRADISTRIBUIDORA","VEHICLE PARTS & ACCESSORIES",{"v":59.16,"d":"R$ 59.16"},{"v":59.16,"d":"R$ 59.16"},"Acessórios para Veículos","Limpeza Automotiva","3P"]
["Retiro","RO-0-001-001-00-00","LWJI99375","RZ-354195",1,"U",4398098,"Suplemento En Pó Growth Supplements Basic Proteínas Sabor Chocolate","FFXSTORE","HEALTH",{"v":57.49,"d":"R$ 57.49"},{"v":57.49,"d":"R$ 57.49"},"Esportes e Fitness","Suplementos e Shakers","3P"]
["Retiro","RO-0-001-001-00-00","AHII13086","RZ-354195",1,"U",4398098,"Whey Protein Growth Basic Whey (1kg) - Growth Supplements Sabor Chocolate","UFO ILUMINAÇÕES","HEALTH",{"v":56.59,"d":"R$ 56.59"},{"v":56.59,"d":"R$ 56.59"},"Esportes e Fitness","Suplementos e Shakers","3P"]
["Retiro","RO-0-001-001-00-00","UZAK62161","RZ-346017",1,"U",4361700,"Tenis Masculino Da Polo Varias Cores Exclusivo Lançamento ","ONE_SHOES","FASHION",{"v":55.94,"d":"R$ 55.94"},{"v":55.94,"d":"R$ 55.94"},"Calçados, Roupas e Bolsas","Calçados","3P"]
["Retiro","RO-0-001-002-00-00","IWZD63075","RZ-586229",1,"U",4566036,"Sintra Pro Limpeza Interna De Veiculos Vonixx 5l","REFERENCELOJA","CPG",{"v":53.57,"d":"R$ 53.57"},{"v":53.57,"d":"R$ 53.57"},"Acessórios para Veículos","Limpeza Automotiva","3P"]
["Retiro","RO-0-001-001-00-00","DEBD33686","RZ-346017",1,"U",4361188,"Foli B Avert 30 Ml Suplemento Ácido Fólico P/ Cachorro Gat","PETCARONE","CPG",{"v":53.36,"d":"R$ 53.36"},{"v":53.36,"d":"R$ 53.36"},"Pet Shop","Cães","3P"]
["Retiro","RO-0-001-001-00-00","RNOG19039","RZ-346017",1,"U",4361188,"Kit 20x Ramekin Porcelana 40ml Molheira Recipiente Pequeno Cor Branco","CHEFBRASIL","FURNISHING & HOUSEWARE",{"v":53.25,"d":"R$ 53.25"},{"v":53.25,"d":"R$ 53.25"},"Casa, Móveis e Decoração","Cozinha","3P"]
["Retiro","RO-0-001-001-00-00","ARIZ55046","RZ-354195",1,"U",4398098,"Box Caixa Organizadora 34 Divisórias Plus Paramount Cor Transparente Liso","MFMEGA","FURNISHING & HOUSEWARE",{"v":52.4,"d":"R$ 52.40"},{"v":52.4,"d":"R$ 52.40"},"Casa, Móveis e Decoração","Enfeites e Decoração da Casa","3P"]
["Retiro","RO-0-001-001-00-00","MUJJ89742","RZ-346017",1,"U",4361700,"Whey Protein 3w 2kg Onlypro Concentrado Isolado - Sabores","TRIBE_SUPPLE","HEALTH",{"v":52.12,"d":"R$ 52.12"},{"v":52.12,"d":"R$ 52.12"},"Esportes e Fitness","Suplementos e Shakers","3P"]
["Retiro","RO-0-001-001-00-00","AFOV41883","RZ-354195",1,"U",4398098,"Whey Protein 3w 2kg Concentrado Isolado Hidrolisado Sabores Sabor Cappuccino","SJG STORE","HEALTH",{"v":52.12,"d":"R$ 52.12"},{"v":52.12,"d":"R$ 52.12"},"Saúde","Suplementos Alimentares","3P"]
["Retiro","RO-0-001-001-00-00","HKYT29343","RZ-346017",1,"U",4361188,"Aparelho De Jantar Diamante 12 Peças Duralex Cor Cristalino Liso","SLDECOMMERCE","FURNISHING & HOUSEWARE",{"v":50.69,"d":"R$ 50.69"},{"v":50.69,"d":"R$ 50.69"},"Casa, Móveis e Decoração","Cozinha","3P"]
["Retiro","RO-0-001-002-00-00","NZUM83244","RZ-574045",1,"U",4550194,"Ampola De Reposição Garrafa Térmica 1,8l 418 - Invicta","LOJADOPRIMO VARIEDADES","SPORTS",{"v":50.33,"d":"R$ 50.33"},{"v":50.33,"d":"R$ 50.33"},"Esportes e Fitness","Camping, Caça e Pesca","3P"]
["Retiro","RO-0-001-002-00-00","WXAY53205","RZ-608421",1,"U",4582166,"Produtos Diversos","REINO_DAS_CONFECCOES_LTDA","Others",{"v":50,"d":"R$ 50.00"},{"v":50,"d":"R$ 50.00"},"Diversos","Outros","3P"]
["Retiro","RO-0-001-002-00-00","RWDD61684","RZ-608421",2,"U",4572408,"Produtos Diversos","RETALHOECIA","Others",{"v":50,"d":"R$ 50.00"},{"v":100,"d":"R$ 100.00"},"Diversos","Outros","3P"]
["Retiro","RO-0-001-002-00-00","RRSM17367","RZ-608421",1,"U",4582166,"Produtos Diversos","COSMOSP","Others",{"v":50,"d":"R$ 50.00"},{"v":50,"d":"R$ 50.00"},"Diversos","Outros","3P"]
["Retiro","RO-0-001-002-00-00","QDBW65350","RZ-608421",1,"U",4582166,"Produtos Diversos","SLÔ STORE","Others",{"v":50,"d":"R$ 50.00"},{"v":50,"d":"R$ 50.00"},"Diversos","Outros","3P"]
["Retiro","RO-0-001-002-00-00","PBJU10866","RZ-608421",20,"U",4582166,"Produtos Diversos","LIDERML017","Others",{"v":50,"d":"R$ 50.00"},{"v":1000,"d":"R$ 1,000.00"},"Diversos","Outros","3P"]
["Retiro","RO-0-001-002-00-00","NBXJ29169","RZ-608421",1,"U",4572408,"Produtos Diversos","AVIVSTORE","Others",{"v":50,"d":"R$ 50.00"},{"v":50,"d":"R$ 50.00"},"Diversos","Outros","3P"]
["Retiro","RO-0-001-002-00-00","LPDY47100","RZ-608421",1,"U",4582166,"Produtos Diversos","ADUBOSORGÂNICOS","Others",{"v":50,"d":"R$ 50.00"},{"v":50,"d":"R$ 50.00"},"Diversos","Outros","3P"]
["Retiro","RO-0-001-002-00-00","KVLS22118","RZ-608421",1,"U",4572408,"Produtos Diversos","CARRAO_AUTOPECAS","Others",{"v":50,"d":"R$ 50.00"},{"v":50,"d":"R$ 50.00"},"Diversos","Outros","3P"]
["Retiro","RO-0-001-002-00-00","JTRD76295","RZ-608421",1,"U",4582166,"Produtos Diversos","RR STOR","Others",{"v":50,"d":"R$ 50.00"},{"v":50,"d":"R$ 50.00"},"Diversos","Outros","3P"]
["Retiro","RO-0-001-002-00-00","JJDG41981","RZ-608421",1,"U",4582166,"Produtos Diversos","FIXAR SUPRIMENTOS","Others",{"v":50,"d":"R$ 50.00"},{"v":50,"d":"R$ 50.00"},"Diversos","Outros","3P"]
["Retiro","RO-0-001-002-00-00","ICYY67534","RZ-608421",1,"U",4582166,"Produtos Diversos","DAMANDO_OFICIAL","Others",{"v":50,"d":"R$ 50.00"},{"v":50,"d":"R$ 50.00"},"Diversos","Outros","3P"]
["Retiro","RO-0-001-002-00-00","HJTY62556","RZ-608421",2,"U",4572408,"Produtos Diversos","RETALHOECIA","Others",{"v":50,"d":"R$ 50.00"},{"v":100,"d":"R$ 100.00"},"Diversos","Outros","3P"]
["Retiro","RO-0-001-002-00-00","GEUA83893","RZ-608421",12,"U",4572408,"Produtos Diversos","PERLIDESIGNER","Others",{"v":50,"d":"R$ 50.00"},{"v":600,"d":"R$ 600.00"},"Diversos","Outros","3P"]
["Retiro","RO-0-001-001-00-00","SUYT45788","RZ-346017",1,"U",4361190,"Produtos Diversos","LUCAS_JOGOS","Others",{"v":50,"d":"R$ 50.00"},{"v":50,"d":"R$ 50.00"},"Diversos","Outros","3P"]
["Retiro","RO-0-001-001-00-00","RZJN94676","RZ-346017",1,"U",4361700,"Produtos Diversos","COMERCIALGF","Others",{"v":50,"d":"R$ 50.00"},{"v":50,"d":"R$ 50.00"},"Diversos","Outros","3P"]
["Retiro","RO-0-001-001-00-00","RZJN85187","RZ-346017",1,"U",4361188,"Produtos Diversos","MODANO GF","Others",{"v":50,"d":"R$ 50.00"},{"v":50,"d":"R$ 50.00"},"Diversos","Outros","3P"]
["Retiro","RO-0-001-001-00-00","QJHI97460","RZ-346017",4,"U",4361700,"Produtos Diversos","SALUTESPORTS","Others",{"v":50,"d":"R$ 50.00"},{"v":200,"d":"R$ 200.00"},"Diversos","Outros","3P"]
["Retiro","RO-0-001-001-00-00","MPLC56317","RZ-346017",3,"U",4370048,"Produtos Diversos","DRAKFULLS","Others",{"v":50,"d":"R$ 50.00"},{"v":150,"d":"R$ 150.00"},"Diversos","Outros","3P"]
["Retiro","RO-0-001-001-00-00","MKTX81680","RZ-346017",2,"U",4361188,"Produtos Diversos","CASADOSPARAFUSOSFRC","Others",{"v":50,"d":"R$ 50.00"},{"v":100,"d":"R$ 100.00"},"Diversos","Outros","3P"]
["Retiro","RO-0-001-001-00-00","LJIH87008","RZ-346017",1,"U",4361700,"Produtos Diversos","DIOGOMACHADOONLINE","Others",{"v":50,"d":"R$ 50.00"},{"v":50,"d":"R$ 50.00"},"Diversos","Outros","3P"]
["Retiro","RO-0-001-001-00-00","KTJP33751","RZ-346017",82,"U",4362982,"Produtos Diversos","PLACE TAPE","Others",{"v":50,"d":"R$ 50.00"},{"v":4100,"d":"R$ 4,100.00"},"Diversos","Outros","3P"]
["Retiro","RO-0-001-001-00-00","KKBI88591","RZ-346017",16,"U",4361188,"Produtos Diversos","REIDOSVIDROS.NET","Others",{"v":50,"d":"R$ 50.00"},{"v":800,"d":"R$ 800.00"},"Diversos","Outros","3P"]
["Retiro","RO-0-001-001-00-00","JJHC93823","RZ-346017",1,"U",4361188,"Produtos Diversos","SVAN.BR","Others",{"v":50,"d":"R$ 50.00"},{"v":50,"d":"R$ 50.00"},"Diversos","Outros","3P"]
["Retiro","RO-0-001-001-00-00","JJHC90849","RZ-346017",1,"U",4361700,"Produtos Diversos","CLPOWERSHOES","Others",{"v":50,"d":"R$ 50.00"},{"v":50,"d":"R$ 50.00"},"Diversos","Outros","3P"]
["Retiro","RO-0-001-001-00-00","JIIK55359","RZ-346017",2,"U",4361700,"Produtos Diversos","THCOSMETICOS","Others",{"v":50,"d":"R$ 50.00"},{"v":100,"d":"R$ 100.00"},"Diversos","Outros","3P"]
["Retiro","RO-0-001-001-00-00","IEMB05324","RZ-346017",12,"U",4361188,"Produtos Diversos","GLOWMAKEUPCOSMETICOS","Others",{"v":50,"d":"R$ 50.00"},{"v":600,"d":"R$ 600.00"},"Diversos","Outros","3P"]
["Retiro","RO-0-001-001-00-00","HRTN57284","RZ-346017",5,"U",4361700,"Produtos Diversos","IMPERIALPRODUTOS_","Others",{"v":50,"d":"R$ 50.00"},{"v":250,"d":"R$ 250.00"},"Diversos","Outros","3P"]
["Retiro","RO-0-001-001-00-00","HROT90638","RZ-346017",1,"U",4361188,"Produtos Diversos","CARDOSO VARIEDADESS","Others",{"v":50,"d":"R$ 50.00"},{"v":50,"d":"R$ 50.00"},"Diversos","Outros","3P"]
["Retiro","RO-0-001-001-00-00","FTNE53383","RZ-346017",136,"U",4361188,"Produtos Diversos","OM7 TECNOLOGIA","Others",{"v":50,"d":"R$ 50.00"},{"v":6800,"d":"R$ 6,800.00"},"Diversos","Outros","3P"]
["Retiro","RO-0-001-001-00-00","ZVZQ03646","RZ-354195",1,"U",4398098,"Produtos Diversos","NANISTORE2","Others",{"v":50,"d":"R$ 50.00"},{"v":50,"d":"R$ 50.00"},"Diversos","Outros","3P"]
["Retiro","RO-0-001-001-00-00","ZVRI80165","RZ-354195",1,"U",4398098,"Produtos Diversos","CAMISETAOVERSIZED","Others",{"v":50,"d":"R$ 50.00"},{"v":50,"d":"R$ 50.00"},"Diversos","Outros","3P"]
["Retiro","RO-0-001-001-00-00","WDTH85253","RZ-354195",1,"U",4396458,"Produtos Diversos","UNDAWN","Others",{"v":50,"d":"R$ 50.00"},{"v":50,"d":"R$ 50.00"},"Diversos","Outros","3P"]
["Retiro","RO-0-001-001-00-00","VZQG57041","RZ-354195",1,"U",4398098,"Produtos Diversos","MCBAUTOPECAS","Others",{"v":50,"d":"R$ 50.00"},{"v":50,"d":"R$ 50.00"},"Diversos","Outros","3P"]
["Retiro","RO-0-001-001-00-00","VUGY84334","RZ-354195",1,"U",4398098,"Produtos Diversos","ACS.CALÇADOSFN2","Others",{"v":50,"d":"R$ 50.00"},{"v":50,"d":"R$ 50.00"},"Diversos","Outros","3P"]
["Retiro","RO-0-001-001-00-00","UHOF63291","RZ-354195",1,"U",4398098,"Produtos Diversos","MAYMALPRIME","Others",{"v":50,"d":"R$ 50.00"},{"v":50,"d":"R$ 50.00"},"Diversos","Outros","3P"]
["Retiro","RO-0-001-001-00-00","TVZP98410","RZ-354195",2,"U",4398098,"Produtos Diversos","IMMATERIALE BOLSAS","Others",{"v":50,"d":"R$ 50.00"},{"v":100,"d":"R$ 100.00"},"Diversos","Outros","3P"]
["Retiro","RO-0-001-001-00-00","SRUR99853","RZ-354195",4,"U",4396458,"Produtos Diversos","UNDAWN","Others",{"v":50,"d":"R$ 50.00"},{"v":200,"d":"R$ 200.00"},"Diversos","Outros","3P"]
["Retiro","RO-0-001-001-00-00","SJYP88723","RZ-354195",1,"U",4396458,"Produtos Diversos","ELETRICAELETRICA20230327134528","Others",{"v":50,"d":"R$ 50.00"},{"v":50,"d":"R$ 50.00"},"Diversos","Outros","3P"]
["Retiro","RO-0-001-001-00-00","RCUM62830","RZ-354195",1,"U",4398098,"Produtos Diversos","MAYMALPRIME","Others",{"v":50,"d":"R$ 50.00"},{"v":50,"d":"R$ 50.00"},"Diversos","Outros","3P"]
["Retiro","RO-0-001-001-00-00","QXPA90503","RZ-354195",1,"U",4398098,"Produtos Diversos","GM DECORSHOP","Others",{"v":50,"d":"R$ 50.00"},{"v":50,"d":"R$ 50.00"},"Diversos","Outros","3P"]
["Retiro","RO-0-001-001-00-00","QDBW62659","RZ-354195",1,"U",4398098,"Produtos Diversos","RENOVAFONE6","Others",{"v":50,"d":"R$ 50.00"},{"v":50,"d":"R$ 50.00"},"Diversos","Outros","3P"]
["Retiro","RO-0-001-001-00-00","QDBW45939","RZ-354195",1,"U",4398098,"Produtos Diversos","WGR BOOTS","Others",{"v":50,"d":"R$ 50.00"},{"v":50,"d":"R$ 50.00"},"Diversos","Outros","3P"]
["Retiro","RO-0-001-001-00-00","ODUV80290","RZ-354195",1,"U",4398098,"Produtos Diversos","MULEKABAGS","Others",{"v":50,"d":"R$ 50.00"},{"v":50,"d":"R$ 50.00"},"Diversos","Outros","3P"]
["Retiro","RO-0-001-001-00-00","MSFL79665","RZ-354195",2,"U",4398098,"Produtos Diversos","AMRCASA","Others",{"v":50,"d":"R$ 50.00"},{"v":100,"d":"R$ 100.00"},"Diversos","Outros","3P"]
["Retiro","RO-0-001-001-00-00","MSFL62399","RZ-354195",1,"U",4398098,"Produtos Diversos","GABRIELA_PIRES_ENXOVAIS","Others",{"v":50,"d":"R$ 50.00"},{"v":50,"d":"R$ 50.00"},"Diversos","Outros","3P"]
["Retiro","RO-0-001-001-00-00","MLNA03358","RZ-354195",1,"U",4398098,"Produtos Diversos","LOUISRIELACUSTICO","Others",{"v":50,"d":"R$ 50.00"},{"v":50,"d":"R$ 50.00"},"Diversos","Outros","3P"]
["Retiro","RO-0-001-001-00-00","MKFA97439","RZ-354195",3,"U",4396458,"Produtos Diversos","ALVELLO","Others",{"v":50,"d":"R$ 50.00"},{"v":150,"d":"R$ 150.00"},"Diversos","Outros","3P"]
["Retiro","RO-0-001-001-00-00","LJTH84142","RZ-354195",1,"U",4398098,"Produtos Diversos","MULEKABAGS","Others",{"v":50,"d":"R$ 50.00"},{"v":50,"d":"R$ 50.00"},"Diversos","Outros","3P"]
["Retiro","RO-0-001-001-00-00","KGJR67704","RZ-354195",67,"U",4398098,"Produtos Diversos","MAGEAL_OFICIAL","Others",{"v":50,"d":"R$ 50.00"},{"v":3350,"d":"R$ 3,350.00"},"Diversos","Outros","3P"]
["Retiro","RO-0-001-001-00-00","KBIM89790","RZ-354195",1,"U",4398098,"Produtos Diversos","BOUTIQUE VERANO","Others",{"v":50,"d":"R$ 50.00"},{"v":50,"d":"R$ 50.00"},"Diversos","Outros","3P"]
["Retiro","RO-0-001-001-00-00","JWSJ90877","RZ-354195",4,"U",4396458,"Produtos Diversos","BOOMMIXVENDAS","Others",{"v":50,"d":"R$ 50.00"},{"v":200,"d":"R$ 200.00"},"Diversos","Outros","3P"]
["Retiro","RO-0-001-001-00-00","JTRD41767","RZ-354195",2,"U",4396458,"Produtos Diversos","CASANOBREUTILIDADES","Others",{"v":50,"d":"R$ 50.00"},{"v":100,"d":"R$ 100.00"},"Diversos","Outros","3P"]
["Retiro","RO-0-001-001-00-00","ICBA65996","RZ-354195",1,"U",4398098,"Produtos Diversos","MAGEAL_OFICIAL","Others",{"v":50,"d":"R$ 50.00"},{"v":50,"d":"R$ 50.00"},"Diversos","Outros","3P"]
["Retiro","RO-0-001-001-00-00","HRTN63262","RZ-354195",2,"U",4398098,"Produtos Diversos","GHC_ACESSORIOS","Others",{"v":50,"d":"R$ 50.00"},{"v":100,"d":"R$ 100.00"},"Diversos","Outros","3P"]
["Retiro","RO-0-001-001-00-00","HQJA93367","RZ-354195",1,"U",4396458,"Produtos Diversos","UNDAWN","Others",{"v":50,"d":"R$ 50.00"},{"v":50,"d":"R$ 50.00"},"Diversos","Outros","3P"]
["Retiro","RO-0-001-001-00-00","HEIL89270","RZ-354195",1,"U",4396458,"Produtos Diversos","CLARAPOLIVEIRA","Others",{"v":50,"d":"R$ 50.00"},{"v":50,"d":"R$ 50.00"},"Diversos","Outros","3P"]
["Retiro","RO-0-001-001-00-00","GODI89994","RZ-354195",1,"U",4398098,"Produtos Diversos","LABIRIN DECORAÇÕES","Others",{"v":50,"d":"R$ 50.00"},{"v":50,"d":"R$ 50.00"},"Diversos","Outros","3P"]
["Retiro","RO-0-001-001-00-00","FVPF98084","RZ-354195",5,"U",4398098,"Produtos Diversos","PLATINIUM PESCA","Others",{"v":50,"d":"R$ 50.00"},{"v":250,"d":"R$ 250.00"},"Diversos","Outros","3P"]
["Retiro","RO-0-001-001-00-00","EWAP06119","RZ-354195",2,"U",4398098,"Produtos Diversos","MARQUESJUNDIAI AUTOPECAS","Others",{"v":50,"d":"R$ 50.00"},{"v":100,"d":"R$ 100.00"},"Diversos","Outros","3P"]
["Retiro","RO-0-001-001-00-00","ETKP56939","RZ-354195",11,"U",4398098,"Produtos Diversos","DROGARIA_NOVAFORMULA","Others",{"v":50,"d":"R$ 50.00"},{"v":550,"d":"R$ 550.00"},"Diversos","Outros","3P"]
["Retiro","RO-0-001-001-00-00","EDVM49063","RZ-354195",1,"U",4398098,"Produtos Diversos","GABRIELA_PIRES_ENXOVAIS","Others",{"v":50,"d":"R$ 50.00"},{"v":50,"d":"R$ 50.00"},"Diversos","Outros","3P"]
["Retiro","RO-0-001-001-00-00","DSNL97252","RZ-354195",1,"U",4398098,"Produtos Diversos","DRILOVEE","Others",{"v":50,"d":"R$ 50.00"},{"v":50,"d":"R$ 50.00"},"Diversos","Outros","3P"]
["Retiro","RO-0-001-001-00-00","DSNL83599","RZ-354195",1,"U",4398098,"Produtos Diversos","MARKETDROP","Others",{"v":50,"d":"R$ 50.00"},{"v":50,"d":"R$ 50.00"},"Diversos","Outros","3P"]
["Retiro","RO-0-001-001-00-00","DPXT06732","RZ-354195",1,"U",4398098,"Produtos Diversos","COUNTRYFACTORY","Others",{"v":50,"d":"R$ 50.00"},{"v":50,"d":"R$ 50.00"},"Diversos","Outros","3P"]
["Retiro","RO-0-001-001-00-00","DLXK94258","RZ-354195",2,"U",4398098,"Produtos Diversos","DECORCORTINAS","Others",{"v":50,"d":"R$ 50.00"},{"v":100,"d":"R$ 100.00"},"Diversos","Outros","3P"]
["Retiro","RO-0-001-001-00-00","DHGG66214","RZ-354195",3,"U",4398098,"Produtos Diversos","MAGEAL_OFICIAL","Others",{"v":50,"d":"R$ 50.00"},{"v":150,"d":"R$ 150.00"},"Diversos","Outros","3P"]
["Retiro","RO-0-001-001-00-00","CPDT06462","RZ-354195",2,"U",4398098,"Produtos Diversos","MARQUESJUNDIAI AUTOPECAS","Others",{"v":50,"d":"R$ 50.00"},{"v":100,"d":"R$ 100.00"},"Diversos","Outros","3P"]
["Retiro","RO-0-001-001-00-00","CHBW56859","RZ-354195",2,"U",4396458,"Produtos Diversos","LUKESSTORE1","Others",{"v":50,"d":"R$ 50.00"},{"v":100,"d":"R$ 100.00"},"Diversos","Outros","3P"]
["Retiro","RO-0-001-001-00-00","BTWM97473","RZ-354195",2,"U",4396458,"Produtos Diversos","ALVELLO","Others",{"v":50,"d":"R$ 50.00"},{"v":100,"d":"R$ 100.00"},"Diversos","Outros","3P"]
["Retiro","RO-0-001-001-00-00","BLKX93806","RZ-354195",1,"U",4398098,"Produtos Diversos","DUDA MANINI","Others",{"v":50,"d":"R$ 50.00"},{"v":50,"d":"R$ 50.00"},"Diversos","Outros","3P"]
["Retiro","RO-0-001-001-00-00","BAJQ82400","RZ-354195",1,"U",4398098,"Produtos Diversos","IBITINGA CONFECÇOESS","Others",{"v":50,"d":"R$ 50.00"},{"v":50,"d":"R$ 50.00"},"Diversos","Outros","3P"]
["Retiro","RO-0-001-001-00-00","APPC01925","RZ-354195",1,"U",4398098,"Produtos Diversos","DRAKFULLS","Others",{"v":50,"d":"R$ 50.00"},{"v":50,"d":"R$ 50.00"},"Diversos","Outros","3P"]
["Retiro","RO-0-001-002-00-00","YVHL18634","RZ-594007",1,"U",4566578,"Produtos Diversos","SCM UTILIDADES","Others",{"v":50,"d":"R$ 50.00"},{"v":50,"d":"R$ 50.00"},"Diversos","Outros","3P"]
["Retiro","RO-0-001-002-00-00","YINF61255","RZ-594007",7,"U",4566578,"Produtos Diversos","DRDR9245964","Others",{"v":50,"d":"R$ 50.00"},{"v":350,"d":"R$ 350.00"},"Diversos","Outros","3P"]
["Retiro","RO-0-001-002-00-00","QXNK13745","RZ-594007",1,"U",4566578,"Produtos Diversos","OLIVEIRAEMANSETTEMEDIAES","Others",{"v":50,"d":"R$ 50.00"},{"v":50,"d":"R$ 50.00"},"Diversos","Outros","3P"]
["Retiro","RO-0-001-002-00-00","MLNA29499","RZ-594007",1,"U",4566578,"Produtos Diversos","SOUSEN .","Others",{"v":50,"d":"R$ 50.00"},{"v":50,"d":"R$ 50.00"},"Diversos","Outros","3P"]
["Retiro","RO-0-001-002-00-00","JSEO62040","RZ-594007",17,"U",4566578,"Produtos Diversos","LIEL20240521100130","Others",{"v":50,"d":"R$ 50.00"},{"v":850,"d":"R$ 850.00"},"Diversos","Outros","3P"]
["Retiro","RO-0-001-002-00-00","IUDM09065","RZ-594007",1,"U",4566578,"Produtos Diversos","GALANTELEDS","Others",{"v":50,"d":"R$ 50.00"},{"v":50,"d":"R$ 50.00"},"Diversos","Outros","3P"]
["Retiro","RO-0-001-002-00-00","GRVV31572","RZ-594007",1,"U",4566578,"Produtos Diversos","OLIVEIRAEMANSETTEMEDIAES","Others",{"v":50,"d":"R$ 50.00"},{"v":50,"d":"R$ 50.00"},"Diversos","Outros","3P"]
["Retiro","RO-0-001-002-00-00","YQRM30642","RZ-586229",1,"U",4566036,"Produtos Diversos","SHOP CORREIA","Others",{"v":50,"d":"R$ 50.00"},{"v":50,"d":"R$ 50.00"},"Diversos","Outros","3P"]
["Retiro","RO-0-001-002-00-00","YQJG23337","RZ-586229",5,"U",4566036,"Produtos Diversos","REFERENCELOJA","Others",{"v":50,"d":"R$ 50.00"},{"v":250,"d":"R$ 250.00"},"Diversos","Outros","3P"]
["Retiro","RO-0-001-002-00-00","WEYY31351","RZ-586229",1,"U",4566036,"Produtos Diversos","DECASA SHOP","Others",{"v":50,"d":"R$ 50.00"},{"v":50,"d":"R$ 50.00"},"Diversos","Outros","3P"]
["Retiro","RO-0-001-002-00-00","SHHF58387","RZ-586229",2,"U",4566036,"Produtos Diversos","S.A ROSA-ME","Others",{"v":50,"d":"R$ 50.00"},{"v":100,"d":"R$ 100.00"},"Diversos","Outros","3P"]
["Retiro","RO-0-001-002-00-00","SECJ56653","RZ-586229",3,"U",4566036,"Produtos Diversos","S.A ROSA-ME","Others",{"v":50,"d":"R$ 50.00"},{"v":150,"d":"R$ 150.00"},"Diversos","Outros","3P"]
["Retiro","RO-0-001-002-00-00","PEUJ45892","RZ-586229",1,"U",4566036,"Produtos Diversos","ROUPITAS.","Others",{"v":50,"d":"R$ 50.00"},{"v":50,"d":"R$ 50.00"},"Diversos","Outros","3P"]
["Retiro","RO-0-001-002-00-00","NNUL05923","RZ-586229",1,"U",4566036,"Produtos Diversos","SAOGERALDOMANFRIN","Others",{"v":50,"d":"R$ 50.00"},{"v":50,"d":"R$ 50.00"},"Diversos","Outros","3P"]
["Retiro","RO-0-001-002-00-00","LQAJ29937","RZ-586229",1,"U",4566036,"Produtos Diversos","REALIZE.ENXOVAIS","Others",{"v":50,"d":"R$ 50.00"},{"v":50,"d":"R$ 50.00"},"Diversos","Outros","3P"]
["Retiro","RO-0-001-002-00-00","KKKB33617","RZ-586229",3,"U",4566036,"Produtos Diversos","LSL FRANCA","Others",{"v":50,"d":"R$ 50.00"},{"v":150,"d":"R$ 150.00"},"Diversos","Outros","3P"]
["Retiro","RO-0-001-002-00-00","JJDG11091","RZ-586229",1,"U",4566036,"Produtos Diversos","MAKEUP DREAM","Others",{"v":50,"d":"R$ 50.00"},{"v":50,"d":"R$ 50.00"},"Diversos","Outros","3P"]
["Retiro","RO-0-001-002-00-00","DZPT18993","RZ-586229",1,"U",4566036,"Produtos Diversos","LIZ DECOR","Others",{"v":50,"d":"R$ 50.00"},{"v":50,"d":"R$ 50.00"},"Diversos","Outros","3P"]
["Retiro","RO-0-001-002-00-00","BJAF81241","RZ-586229",1,"U",4566036,"Produtos Diversos","PLASUTILOFICIAL","Others",{"v":50,"d":"R$ 50.00"},{"v":50,"d":"R$ 50.00"},"Diversos","Outros","3P"]
["Retiro","RO-0-001-002-00-00","AYZV03370","RZ-586229",20,"U",4566036,"Produtos Diversos","CASA OLIVEIRA.","Others",{"v":50,"d":"R$ 50.00"},{"v":1000,"d":"R$ 1,000.00"},"Diversos","Outros","3P"]
["Retiro","RO-0-001-002-00-00","YMZK27408","RZ-574045",2,"U",4550194,"Produtos Diversos","URQUISAJHONATAN.1","Others",{"v":50,"d":"R$ 50.00"},{"v":100,"d":"R$ 100.00"},"Diversos","Outros","3P"]
["Retiro","RO-0-001-002-00-00","VENR01412","RZ-574045",3,"U",4550194,"Produtos Diversos","TUDO BR","Others",{"v":50,"d":"R$ 50.00"},{"v":150,"d":"R$ 150.00"},"Diversos","Outros","3P"]
["Retiro","RO-0-001-002-00-00","KPVG20293","RZ-574045",2,"U",4550194,"Produtos Diversos","BESTSUPPLY","Others",{"v":50,"d":"R$ 50.00"},{"v":100,"d":"R$ 100.00"},"Diversos","Outros","3P"]
["Retiro","RO-0-001-002-00-00","AABI76875","RZ-574045",10,"U",4550194,"Produtos Diversos","MAYLONEDERSALLESTEIXEIRA","Others",{"v":50,"d":"R$ 50.00"},{"v":500,"d":"R$ 500.00"},"Diversos","Outros","3P"]
["Retiro","RO-0-001-001-00-00","CPDC78252","RZ-354195",1,"U",4398098,"Kit Ninho Redutor E Almofada Amamentação E Mosquiteiro Evf Enxovais Azul Claro","EVFENXOVAIS","T & B",{"v":49.8,"d":"R$ 49.80"},{"v":49.8,"d":"R$ 49.80"},"Bebês","Quarto do Bebê","3P"]
["Retiro","RO-0-001-001-00-00","ARLJ76488","RZ-354195",1,"U",4398098,"Kit Ninho Redutor + Almofada Amamentação + Mosquiteiro","EVFENXOVAIS","T & B",{"v":49.8,"d":"R$ 49.80"},{"v":49.8,"d":"R$ 49.80"},"Bebês","Quarto do Bebê","3P"]
["Retiro","RO-0-001-001-00-00","TMXD78043","RZ-354195",1,"U",4398654,"Kit Sos Cronograma Capilar Cabelo Cacheado Salon Line 3un","NOBBYCOSMETICOS","BEAUTY",{"v":48.7,"d":"R$ 48.70"},{"v":48.7,"d":"R$ 48.70"},"Beleza e Cuidado Pessoal","Cuidados com o Cabelo","3P"]
["Retiro","RO-0-001-002-00-00","JMSH49295","RZ-586229",1,"U",4566036,"Creatina Turbo Refil 1kg Black Skull","GALANTELEDS","HEALTH",{"v":48.59,"d":"R$ 48.59"},{"v":48.59,"d":"R$ 48.59"},"Saúde","Suplementos Alimentares","3P"]
["Retiro","RO-0-001-001-00-00","KNHU46069","RZ-346017",1,"U",4361188,"Sandalia Amarração Salto Grosso Alto Blogueira Moda Corrente","LUMISS OFICIAL","FASHION",{"v":48.58,"d":"R$ 48.58"},{"v":48.58,"d":"R$ 48.58"},"Calçados, Roupas e Bolsas","Calçados","3P"]
["Retiro","RO-0-001-001-00-00","KJAD38522","RZ-354195",1,"U",4398098,"Kit 2 Garrafas Vidro Exclusiva 1l Com Tampa Inteligente","MIXUTILIDADES2","SPORTS",{"v":47.69,"d":"R$ 47.69"},{"v":47.69,"d":"R$ 47.69"},"Casa, Móveis e Decoração","Cozinha","3P"]
["Retiro","RO-0-001-001-00-00","KEAH26767","RZ-346017",1,"U",4361188,"Mocassim Oxford Tratorado Feminino Casual Social Com Metal","RJJ_FASHION","FASHION",{"v":47.43,"d":"R$ 47.43"},{"v":47.43,"d":"R$ 47.43"},"Calçados, Roupas e Bolsas","Calçados","3P"]
["Retiro","RO-0-001-001-00-00","FODY26798","RZ-346017",1,"U",4361188,"Mocassim Oxford Tratorado Feminino Casual Social Com Metal","RJJ_FASHION","FASHION",{"v":47.43,"d":"R$ 47.43"},{"v":47.43,"d":"R$ 47.43"},"Calçados, Roupas e Bolsas","Calçados","3P"]
["Retiro","RO-0-001-001-00-00","CBQU27960","RZ-346017",1,"U",4361188,"Mocassim Oxford Tratorado Feminino Casual Social Com Metal","RJJ_FASHION","FASHION",{"v":47.43,"d":"R$ 47.43"},{"v":47.43,"d":"R$ 47.43"},"Calçados, Roupas e Bolsas","Calçados","3P"]
["Retiro","RO-0-001-001-00-00","WNOF72821","RZ-346017",1,"U",4361188,"Corretivo Líquido Cor 70 Glam Nano Lifting 8g Tom Médio","VALERIA ARIEDE","BEAUTY",{"v":47.19,"d":"R$ 47.19"},{"v":47.19,"d":"R$ 47.19"},"Beleza e Cuidado Pessoal","Maquiagem","3P"]
["Retiro","RO-0-001-001-00-00","BUIG54861","RZ-346017",1,"U",4361700,"Terra De Diatomáceas Defensivo Natural Suculentas 3 Litros","SUBSTRATO_JOJO","CONSTRUCTION & INDUSTRY",{"v":46.31,"d":"R$ 46.31"},{"v":46.31,"d":"R$ 46.31"},"Casa, Móveis e Decoração","Jardim e Ar Livre","3P"]
["Retiro","RO-0-001-001-00-00","LTME58409","RZ-354195",1,"U",4398098,"Líquido Fluido Maquina De Fumaça Galão 5 Litros Jm Lighting","MAXIMOSOMGABRIELVENDEDOR","TECHNOLOGY",{"v":45.39,"d":"R$ 45.39"},{"v":45.39,"d":"R$ 45.39"},"Eletrônicos, Áudio e Vídeo","Áudio","3P"]
["Retiro","RO-0-001-001-00-00","NNRO43571","RZ-354195",1,"U",4398098,"L-carnitina Líquida 2000 420ml - Growth Supplements","SUPLEMENTO_CERTO","HEALTH",{"v":44.63,"d":"R$ 44.63"},{"v":44.63,"d":"R$ 44.63"},"Esportes e Fitness","Suplementos e Shakers","3P"]
["Retiro","RO-0-001-001-00-00","EYUH52433","RZ-346017",1,"U",4361190,"Maletinha Vira Cozinha De Brinquedo Infantil Com Acessórios","CENTRALMULTI COISAS","T & B",{"v":44.1,"d":"R$ 44.10"},{"v":44.1,"d":"R$ 44.10"},"Brinquedos e Hobbies","Brinquedos de Faz de Conta","3P"]
["Retiro","RO-0-001-002-00-00","ARLJ89719","RZ-586229",1,"U",4556402,"2x Hipercalórico Mass 30000 X Black 1,4 Kg Zero Soja Glúten Sabor Chocolate Ao Leite","SUPPLEMENTLABS","HEALTH",{"v":43.93,"d":"R$ 43.93"},{"v":43.93,"d":"R$ 43.93"},"Esportes e Fitness","Suplementos e Shakers","3P"]
["Retiro","RO-0-001-001-00-00","WNIU93731","RZ-346017",5,"U",4361188,"Cortador E Picador De Legumes Frutas Batata Palito Kd Eletro","GOLDSHOPSP","FURNISHING & HOUSEWARE",{"v":40.04,"d":"R$ 40.04"},{"v":200.2,"d":"R$ 200.20"},"Casa, Móveis e Decoração","Cozinha","3P"]
["Retiro","RO-0-001-001-00-00","KVVV89579","RZ-354195",1,"U",4398098,"Tintura Tonalizante Cabelo Color Rosa Salon Line 100g","MABELO COMERCIO","BEAUTY",{"v":38.97,"d":"R$ 38.97"},{"v":38.97,"d":"R$ 38.97"},"Beleza e Cuidado Pessoal","Cuidados com o Cabelo","3P"]
["Retiro","RO-0-001-001-00-00","JFEI39246","RZ-354195",1,"U",4398098,"6 Pote Porta Mantimento 3,3 L Tampa Com Rosca Kit 6 Unidades Cor Preto","LOJAS LAJORY","FURNISHING & HOUSEWARE",{"v":37.4,"d":"R$ 37.40"},{"v":37.4,"d":"R$ 37.40"},"Casa, Móveis e Decoração","Cozinha","3P"]
["Retiro","RO-0-001-001-00-00","OVAK10543","RZ-354195",1,"U",4398098,"Jogo 06 Taças De Vidro Diamond Ambar Bico De Jaca 300 Ml","FAVORITODAWEB","FURNISHING & HOUSEWARE",{"v":35.89,"d":"R$ 35.89"},{"v":35.89,"d":"R$ 35.89"},"Casa, Móveis e Decoração","Cozinha","3P"]
["Retiro","RO-0-001-001-00-00","INEV67547","RZ-354195",1,"U",4398098,"Shampoo Lava Autos Snow Foam Concentrado Ph Neutro 5l","SLEEPERS_PRO","VEHICLE PARTS & ACCESSORIES",{"v":34.85,"d":"R$ 34.85"},{"v":34.85,"d":"R$ 34.85"},"Acessórios para Veículos","Limpeza Automotiva","3P"]
["Retiro","RO-0-001-001-00-00","WSKH32510","RZ-346017",1,"D",4361190,"Premier Spitz Adulto 1 Kg","PET PCF","CPG",{"v":32.89,"d":"R$ 32.89"},{"v":32.89,"d":"R$ 32.89"},"Pet Shop","Cães","3P"]
["Retiro","RO-0-001-002-00-00","GRZE15199","RZ-574045",1,"U",4550194,"Bokashi Adubo Para Orquídeas Líquido Spray 500ml Pronto Uso","ADUBOSORGÂNICOS","CONSTRUCTION & INDUSTRY",{"v":31.53,"d":"R$ 31.53"},{"v":31.53,"d":"R$ 31.53"},"Casa, Móveis e Decoração","Jardim e Ar Livre","3P"]
["Retiro","RO-0-001-002-00-00","LGSE08932","RZ-594007",1,"U",4566578,"Chaleira Eletrica Atacama 1,8l - Unitermi","ROSA LED","HOME ELECTRONICS",{"v":31.2,"d":"R$ 31.20"},{"v":31.2,"d":"R$ 31.20"},"Eletrodomésticos","Pequenos Eletrodomésticos","3P"]
["Retiro","RO-0-001-001-00-00","GWHA93806","RZ-354195",2,"U",4398098,"Lixeira Quadrada Multiuso Para Banheiro Ou Lavabo Quadrata Com Tampa Branca 1571 Paramount","MFMEGA","FURNISHING & HOUSEWARE",{"v":31.07,"d":"R$ 31.07"},{"v":62.14,"d":"R$ 62.14"},"Casa, Móveis e Decoração","Cozinha","3P"]
["Retiro","RO-0-001-002-00-00","OANI70735","RZ-574045",1,"U",4550194,"Cera De Coco Velas Artesanais 100% Vegetal Vegana 1 Kg","OESTILOARTESANAL","CONSTRUCTION & INDUSTRY",{"v":31.02,"d":"R$ 31.02"},{"v":31.02,"d":"R$ 31.02"},"Arte, Papelaria e Armarinho","Arte e Trabalhos Manuais","3P"]
["Retiro","RO-0-001-001-00-00","QXII44014","RZ-354195",1,"U",4398098,"Cera Vegetal De Coco Para Velas 1 Kg Com Etiqueta Frágil","OESTILOARTESANAL","CONSTRUCTION & INDUSTRY",{"v":31.01,"d":"R$ 31.01"},{"v":31.01,"d":"R$ 31.01"},"Arte, Papelaria e Armarinho","Arte e Trabalhos Manuais","3P"]
["Retiro","RO-0-001-001-00-00","CBMK76016","RZ-354195",1,"U",4398098,"Caneta Cis Tik Azul E Preta 0.7mm Pote Com 24 Unidades","AMABELL","CONSTRUCTION & INDUSTRY",{"v":30.83,"d":"R$ 30.83"},{"v":30.83,"d":"R$ 30.83"},"Arte, Papelaria e Armarinho","Materiais Escolares","3P"]
["Retiro","RO-0-001-002-00-00","BHND48110","RZ-586229",1,"U",4566036,"Shampoo Amend Cachos Hidratados 250ml","SOCRAM LTDA","BEAUTY",{"v":29.7,"d":"R$ 29.70"},{"v":29.7,"d":"R$ 29.70"},"Beleza e Cuidado Pessoal","Cuidados com o Cabelo","3P"]
["Retiro","RO-0-001-001-00-00","SZAU75254","RZ-354195",4,"U",4398098,"Kit 2 Shampoo Pet Dermatite Condicionador Clorexidina 500ml","BAKANUTILIDADES","CPG",{"v":29.66,"d":"R$ 29.66"},{"v":118.64,"d":"R$ 118.64"},"Pet Shop","Cães","3P"]
["Retiro","RO-0-001-001-00-00","FJTG82542","RZ-346017",1,"U",4361190,"Jogo 6 Taças Diamante Vidro 330ml Copo Diamond Moderno Luxo Transparente Butter Cream Diamante Lapidado","FISCO_STORE","FURNISHING & HOUSEWARE",{"v":29.4,"d":"R$ 29.40"},{"v":29.4,"d":"R$ 29.40"},"Casa, Móveis e Decoração","Cozinha","3P"]
["Retiro","RO-0-001-001-00-00","FJTG82542","RZ-354195",2,"U",4398654,"Jogo 6 Taças Diamante Vidro 330ml Copo Diamond Moderno Luxo Transparente Butter Cream Diamante Lapidado","FISCO_STORE","FURNISHING & HOUSEWARE",{"v":29.4,"d":"R$ 29.40"},{"v":58.8,"d":"R$ 58.80"},"Casa, Móveis e Decoração","Cozinha","3P"]
["Retiro","RO-0-001-001-00-00","PESY78516","RZ-346017",1,"U",4361190,"Garrafa Térmica Maratona 5 Litros Plástico Invicta Cor Incess Blue","ADVANZCOMMERCE","SPORTS",{"v":29.06,"d":"R$ 29.06"},{"v":29.06,"d":"R$ 29.06"},"Esportes e Fitness","Camping, Caça e Pesca","3P"]
["Retiro","RO-0-001-001-00-00","DMLI03916","RZ-354195",1,"U",4398098,"Conjunto 3 Potes 350ml 620ml 1040ml Vidro Hermético Marmita","FAST ACTION","FURNISHING & HOUSEWARE",{"v":28.87,"d":"R$ 28.87"},{"v":28.87,"d":"R$ 28.87"},"Casa, Móveis e Decoração","Cozinha","3P"]
["Retiro","RO-0-001-002-00-00","JBNR95432","RZ-574045",1,"U",4550194,"Creatina Monohidratada 500g - 100% Pura - 3vs Nutrition","ABEAMERICA","HEALTH",{"v":27.62,"d":"R$ 27.62"},{"v":27.62,"d":"R$ 27.62"},"Saúde","Suplementos Alimentares","3P"]
["Retiro","RO-0-001-001-00-00","NENG80532","RZ-346017",1,"U",4361188,"Whey Protein Gourmet Refil 900 G - Fn Forbis - Proteina Sabor Chocolate Trufado","JVCSUPLEMENTO","HEALTH",{"v":27.56,"d":"R$ 27.56"},{"v":27.56,"d":"R$ 27.56"},"Saúde","Suplementos Alimentares","3P"]
["Retiro","RO-0-001-001-00-00","JIIK32631","RZ-354195",1,"U",4398098,"Kit Adubos Orgânicos Forth Manutenção E Floração Orquídeas","ADVANZCOMMERCE","CONSTRUCTION & INDUSTRY",{"v":27.43,"d":"R$ 27.43"},{"v":27.43,"d":"R$ 27.43"},"Casa, Móveis e Decoração","Jardim e Ar Livre","3P"]
["Retiro","RO-0-001-002-00-00","QXZX98583","RZ-608421",1,"U",4572408,"V-mol 1,5lt. Shampoo Desengraxante Lavagem Automotiva Vonixx","DESTRADISTRIBUIDORA","VEHICLE PARTS & ACCESSORIES",{"v":26.94,"d":"R$ 26.94"},{"v":26.94,"d":"R$ 26.94"},"Acessórios para Veículos","Limpeza Automotiva","3P"]
["Retiro","RO-0-001-001-00-00","YVZG48524","RZ-354195",1,"U",4398098,"Jogo 6 Taças Diamante Bela Flor 330ml Diamond Cristal Luxo Transparente","IMPORTSBENJAMIM20231011135640","FURNISHING & HOUSEWARE",{"v":26.69,"d":"R$ 26.69"},{"v":26.69,"d":"R$ 26.69"},"Casa, Móveis e Decoração","Cozinha","3P"]
["Retiro","RO-0-001-001-00-00","MVIV95631","RZ-354195",1,"U",4398098,"Whey Protein Gourmet Refil 900 G - Fn Forbis - Proteina Sabor Iogurte Com Coco","JVCSUPLEMENTO","HEALTH",{"v":26.66,"d":"R$ 26.66"},{"v":26.66,"d":"R$ 26.66"},"Saúde","Suplementos Alimentares","3P"]
["Retiro","RO-0-001-002-00-00","KORB77410","RZ-594007",2,"U",4566578,"Whey Gourmet 900g Fn Forbis (best) Whey 25g Proteinas Sabor Milkshake De Morango","JVCSUPLEMENTO","HEALTH",{"v":26.12,"d":"R$ 26.12"},{"v":52.24,"d":"R$ 52.24"},"Saúde","Suplementos Alimentares","3P"]
["Retiro","RO-0-001-001-00-00","AELM46620","RZ-354195",1,"U",4398098,"Afastepet Forte 150ml Labgard Educador Para Cães E Gatos","AQUI VAREJO","CPG",{"v":25.63,"d":"R$ 25.63"},{"v":25.63,"d":"R$ 25.63"},"Pet Shop","Cães","3P"]
["Retiro","RO-0-001-001-00-00","NDKA94052","RZ-354195",1,"U",4398098,"Brinquedo Carrinho Conversível Para Boneca Infantil Carro Em Miniatura Fashion Rosa Grande Tamanho De 37cm Com 2 Lugares Compatível Com Bonecas Barbie - 1023 Apolo Brinquedos","LOJATOYS","T & B",{"v":25.35,"d":"R$ 25.35"},{"v":25.35,"d":"R$ 25.35"},"Brinquedos e Hobbies","Bonecos e Bonecas","3P"]
["Retiro","RO-0-001-001-00-00","URIH44469","RZ-354195",3,"U",4398098,"Jogo De 6 Copos De Vidro Alto 320ml Quadrado Suco Agua Ms Variedades E Utilidades","FAVORITODAWEB","FURNISHING & HOUSEWARE",{"v":25.26,"d":"R$ 25.26"},{"v":75.78,"d":"R$ 75.78"},"Casa, Móveis e Decoração","Cozinha","3P"]
["Retiro","RO-0-001-001-00-00","BHJK92938","RZ-354195",1,"U",4398098,"Tintura Imedia - 4466 Vermelho Profundo","MALLIMOOH UTILIDADES","BEAUTY",{"v":24.58,"d":"R$ 24.58"},{"v":24.58,"d":"R$ 24.58"},"Beleza e Cuidado Pessoal","Cuidados com o Cabelo","3P"]
["Retiro","RO-0-001-001-00-00","ICYY11275","RZ-354195",1,"U",4396458,"Jogo De Taças Diamond Cristal Vidro Taça De Vinho 340 Ml 6 Peças Home Utilidades","CASANOBREUTILIDADES","FURNISHING & HOUSEWARE",{"v":24.25,"d":"R$ 24.25"},{"v":24.25,"d":"R$ 24.25"},"Casa, Móveis e Decoração","Cozinha","3P"]
["Retiro","RO-0-001-002-00-00","SAST30252","RZ-586229",1,"U",4556402,"Adubo Fertilizante Npk 10-10-10 Plantas Flores Frutas | 3kg","SCCASAEJARDIM","CONSTRUCTION & INDUSTRY",{"v":24.17,"d":"R$ 24.17"},{"v":24.17,"d":"R$ 24.17"},"Casa, Móveis e Decoração","Jardim e Ar Livre","3P"]
["Retiro","RO-0-001-002-00-00","JVCW40040","RZ-574045",1,"U",4550194,"Solução Água Turva Hth Tratamento Pra Piscina 1 Litro","PESCÃO AGROPESCA","CONSTRUCTION & INDUSTRY",{"v":23.89,"d":"R$ 23.89"},{"v":23.89,"d":"R$ 23.89"},"Casa, Móveis e Decoração","Jardim e Ar Livre","3P"]
["Retiro","RO-0-001-001-00-00","WXVN20168","RZ-354195",30,"U",4398098,"Renovador De Farol Revitalizador Líquido Farol Novo 50ml","FAST ACTION","VEHICLE PARTS & ACCESSORIES",{"v":23.5,"d":"R$ 23.50"},{"v":705,"d":"R$ 705.00"},"Acessórios para Veículos","Limpeza Automotiva","3P"]
["Retiro","RO-0-001-002-00-00","YIWE71993","RZ-608421",2,"U",4582166,"Sintra Pro Limpeza Interna De Veiculos Vonixx 1,5l","REFERENCELOJA","CPG",{"v":23.49,"d":"R$ 23.49"},{"v":46.98,"d":"R$ 46.98"},"Acessórios para Veículos","Limpeza Automotiva","3P"]
["Retiro","RO-0-001-002-00-00","YIWE71993","RZ-586229",6,"U",4566036,"Sintra Pro Limpeza Interna De Veiculos Vonixx 1,5l","REFERENCELOJA","CPG",{"v":23.49,"d":"R$ 23.49"},{"v":140.94,"d":"R$ 140.94"},"Acessórios para Veículos","Limpeza Automotiva","3P"]
["Retiro","RO-0-001-002-00-00","SNTE79432","RZ-594007",1,"U",4566578,"Plafonier Plafon Soquete E27 Porcelana 100w Kit C/ 10 Peças","LIEL20240521100130","CONSTRUCTION & INDUSTRY",{"v":22.83,"d":"R$ 22.83"},{"v":22.83,"d":"R$ 22.83"},"Casa, Móveis e Decoração","Iluminação Residencial","3P"]
["Retiro","RO-0-001-001-00-00","CPDC66163","RZ-346017",30,"U",4361700,"Kit Remendo Reparo Câmara Ar Bike + 20 Remendo + 3 Espátulas","BACCI","SPORTS",{"v":22.61,"d":"R$ 22.61"},{"v":678.3,"d":"R$ 678.30"},"Esportes e Fitness","Ciclismo","3P"]
["Retiro","RO-0-001-001-00-00","MEFY86345","RZ-346017",2,"U",4361190,"Natural Burn Com Cafeína, Taurina E Hmb 60cps - Vita Premium","MAREBEAUTY","HEALTH",{"v":22.47,"d":"R$ 22.47"},{"v":44.94,"d":"R$ 44.94"},"Saúde","Suplementos Alimentares","3P"]
["Retiro","RO-0-001-002-00-00","QRFX01505","RZ-586229",1,"U",4566036,"Aditivo Rosa Pronto Uso Radnaq Ps Ultra 5 Litros Rosa","BASEPEÇAS","VEHICLE PARTS & ACCESSORIES",{"v":22.44,"d":"R$ 22.44"},{"v":22.44,"d":"R$ 22.44"},"Acessórios para Veículos","Lubrificantes e Fluidos","3P"]
["Retiro","RO-0-001-001-00-00","IXJN10543","RZ-354195",1,"U",4398098,"Jogo De Lençol 400 Fios Ponto Palito Cama Queen Saldão","JD HOME_DECOR","FURNISHING & HOUSEWARE",{"v":21.78,"d":"R$ 21.78"},{"v":21.78,"d":"R$ 21.78"},"Casa, Móveis e Decoração","Têxteis de Casa e Decoração","3P"]
["Retiro","RO-0-001-002-00-00","KSXO45099","RZ-586229",2,"U",4566036,"Renovador De Plastico Interno Intense Vonixx 500ml","REFERENCELOJA","CPG",{"v":21.11,"d":"R$ 21.11"},{"v":42.22,"d":"R$ 42.22"},"Acessórios para Veículos","Limpeza Automotiva","3P"]
["Retiro","RO-0-001-001-00-00","KMKB91639","RZ-354195",2,"U",4398098,"Oleo Para Motores 2 Tempos Para Motosserra 500ml- Husqvarna","LOJA AGROMETAL","VEHICLE PARTS & ACCESSORIES",{"v":20.96,"d":"R$ 20.96"},{"v":41.92,"d":"R$ 41.92"},"Acessórios para Veículos","Lubrificantes e Fluidos","3P"]
["Retiro","RO-0-001-002-00-00","ROPP73065","RZ-594007",1,"U",4566578,"Kit 2 Rolo Massageador Facial Pedra De Jade + Placa Gua Sha Massagem Rosto","ARTE SEDUÇÃO","HEALTH",{"v":20.38,"d":"R$ 20.38"},{"v":20.38,"d":"R$ 20.38"},"Saúde","Massagem","3P"]
["Retiro","RO-0-001-001-00-00","FDEO95007","RZ-354195",1,"U",4398654,"Cerveja Pilsner Urquell Edição Lata 500ml República Tcheca","DF ONLINE","CPG",{"v":20.36,"d":"R$ 20.36"},{"v":20.36,"d":"R$ 20.36"},"Alimentos e Bebidas","Bebidas","3P"]
["Retiro","RO-0-001-001-00-00","OQJG70047","RZ-354195",1,"U",4396458,"Lava Roupas Concentrado Coco Suprema 5 L","ADVANZCOMMERCE","CPG",{"v":19.8,"d":"R$ 19.80"},{"v":19.8,"d":"R$ 19.80"},"Casa, Móveis e Decoração","Cuidado da Casa e Lavanderia","3P"]
["Retiro","RO-0-001-002-00-00","QWRD56109","RZ-586229",3,"U",4566036,"Calminex Pomada 30g Anti-inflamatória Dores Pancadas","SYMVETPRODUTOSVETERINÁRIOS","CPG",{"v":19.73,"d":"R$ 19.73"},{"v":59.19,"d":"R$ 59.19"},"Pet Shop","Cavalos","3P"]
["Retiro","RO-0-001-002-00-00","KDKE79216","RZ-608421",1,"U",4582166,"Luminária Plafon Taschibra Redondo Jurerê 25cm Vidro 1xe27 Cor Branco 110v/220v","GALANTELEDS","CONSTRUCTION & INDUSTRY",{"v":19.53,"d":"R$ 19.53"},{"v":19.53,"d":"R$ 19.53"},"Casa, Móveis e Decoração","Iluminação Residencial","3P"]
["Retiro","RO-0-001-001-00-00","GDEJ90444","RZ-354195",1,"U",4398098,"Whey Pro 900g - Body Nutry Sabor Milk-shake De Morango","SUPPLEMENTLABS","HEALTH",{"v":19.46,"d":"R$ 19.46"},{"v":19.46,"d":"R$ 19.46"},"Esportes e Fitness","Suplementos e Shakers","3P"]
["Retiro","RO-0-001-002-00-00","EWGY83612","RZ-574045",2,"U",4550194,"Ducha Chuveiro Fria Piscina Jardim Quintal 10 Pol. Cromada Acabamento Cromado Cor Prateado Luconi","SELLNEEDS_","CONSTRUCTION & INDUSTRY",{"v":19.32,"d":"R$ 19.32"},{"v":38.64,"d":"R$ 38.64"},"Casa, Móveis e Decoração","Banheiros","3P"]
["Retiro","RO-0-001-002-00-00","NOYT03273","RZ-608421",90,"U",4572408,"Kit 3 Fita Dupla Face Adesiva Nano Super Extra Forte Lavavel Cor Transparente","ALPHADESIGN","CONSTRUCTION & INDUSTRY",{"v":19.2,"d":"R$ 19.20"},{"v":1728,"d":"R$ 1,728.00"},"Arte, Papelaria e Armarinho","Materiais Escolares","3P"]
["Retiro","RO-0-001-002-00-00","BONY25383","RZ-574045",1,"U",4550194,"Matar Pulgas Sofa Killer 500ml Cor Azul-turquesa","DASAMAX","CPG",{"v":19.09,"d":"R$ 19.09"},{"v":19.09,"d":"R$ 19.09"},"Pet Shop","Cães","3P"]
["Retiro","RO-0-001-001-00-00","CRFP28663","RZ-346017",1,"U",4361190,"Fixa Quadros Adesivo 3m Command Médio - 3 Pares","STARHOUSE","FURNISHING & HOUSEWARE",{"v":18.65,"d":"R$ 18.65"},{"v":18.65,"d":"R$ 18.65"},"Casa, Móveis e Decoração","Enfeites e Decoração da Casa","3P"]
["Retiro","RO-0-001-001-00-00","JGJZ18794","RZ-354195",1,"U",4398098,"Kit 2 Bolsa Marmita Térmica Lancheira  Academia Trabalho Dia","SELECT MIX","SPORTS",{"v":17.96,"d":"R$ 17.96"},{"v":17.96,"d":"R$ 17.96"},"Esportes e Fitness","Camping, Caça e Pesca","3P"]
["Retiro","RO-0-001-002-00-00","TVZP72589","RZ-608421",1,"U",4572408,"Adaptador De Eixo De Rosca M10 M14 Lixadeira Esmerilhadeira","EE20250409132757","CONSTRUCTION & INDUSTRY",{"v":17.95,"d":"R$ 17.95"},{"v":17.95,"d":"R$ 17.95"},"Ferramentas","Acessórios para Ferramentas","3P"]
["Retiro","RO-0-001-001-00-00","FRZB13713","RZ-346017",1,"U",4361700,"Bandeja Reta Média Para Café Da Manhã","STAR ESSENCIALSHOP","FURNISHING & HOUSEWARE",{"v":17.88,"d":"R$ 17.88"},{"v":17.88,"d":"R$ 17.88"},"Casa, Móveis e Decoração","Cozinha","3P"]
["Retiro","RO-0-001-002-00-00","ABPC40778","RZ-574045",1,"U",4550194,"Vexus Vonixx Limpador De Uso Geral Limpa Rodas E Motor 500ml","SANTOSROBERTACRISTINASANTOS","VEHICLE PARTS & ACCESSORIES",{"v":17.66,"d":"R$ 17.66"},{"v":17.66,"d":"R$ 17.66"},"Acessórios para Veículos","Limpeza Automotiva","3P"]
["Retiro","RO-0-001-002-00-00","XBHW22909","RZ-608421",1,"U",4572408,"Kit 4 Prateleira Nicho Livros Infantil 40cm Branca Branco","ADALQUEFERNANDES","FURNISHING & HOUSEWARE",{"v":17.04,"d":"R$ 17.04"},{"v":17.04,"d":"R$ 17.04"},"Casa, Móveis e Decoração","Enfeites e Decoração da Casa","3P"]
["Retiro","RO-0-001-002-00-00","BZMS83743","RZ-594007",9,"U",4566578,"Lampada Led Par30 11w 2700k E27 Avant","LIEL20240521100130","CONSTRUCTION & INDUSTRY",{"v":15.64,"d":"R$ 15.64"},{"v":140.76,"d":"R$ 140.76"},"Casa, Móveis e Decoração","Iluminação Residencial","3P"]
["Retiro","RO-0-001-001-00-00","OKWS06998","RZ-354195",1,"U",4398098,"Manta Asfáltica Aluminizada Telhado Auto Adesiva- 10cm X 10m","LUPANOFICIAL","CONSTRUCTION & INDUSTRY",{"v":15.43,"d":"R$ 15.43"},{"v":15.43,"d":"R$ 15.43"},"Ferramentas","Acessórios para Ferramentas","3P"]
["Retiro","RO-0-001-002-00-00","BAPC81130","RZ-586229",15,"U",4566036,"Contorno Bastão Matte - Lua & Neve Tom 05","MAKEUP DREAM","BEAUTY",{"v":14.94,"d":"R$ 14.94"},{"v":224.1,"d":"R$ 224.10"},"Beleza e Cuidado Pessoal","Maquiagem","3P"]
["Retiro","RO-0-001-001-00-00","FXSV60066","RZ-354195",1,"U",4396458,"Lixadeira Elétrico De Pés Recarregável Lixa Esfoliadora Spa Pop Imports","GABRIELNUNESPEXE","BEAUTY",{"v":14.69,"d":"R$ 14.69"},{"v":14.69,"d":"R$ 14.69"},"Beleza e Cuidado Pessoal","Manicure e Pedicure","3P"]
["Retiro","RO-0-001-002-00-00","SFWY51323","RZ-586229",1,"U",4566036,"Blush Compacto - Melu By Ruby Rose 10g","MAKEUP DREAM","BEAUTY",{"v":14.23,"d":"R$ 14.23"},{"v":14.23,"d":"R$ 14.23"},"Beleza e Cuidado Pessoal","Maquiagem","3P"]
["Retiro","RO-0-001-002-00-00","FNEZ51055","RZ-586229",3,"U",4566036,"Blush Compacto - Melu By Ruby Rose 10g","MAKEUP DREAM","BEAUTY",{"v":14.23,"d":"R$ 14.23"},{"v":42.69,"d":"R$ 42.69"},"Beleza e Cuidado Pessoal","Maquiagem","3P"]
["Retiro","RO-0-001-002-00-00","OWTB04308","RZ-608421",1,"U",4582166,"Removedor De Esmaltes Zero Acetona Beira Alta Uva 450ml Wxz","KOSMETIC-PERFUMARIA","BEAUTY",{"v":13.89,"d":"R$ 13.89"},{"v":13.89,"d":"R$ 13.89"},"Beleza e Cuidado Pessoal","Manicure e Pedicure","3P"]
["Retiro","RO-0-001-002-00-00","OWTB04308","RZ-586229",3,"E",4566036,"Removedor De Esmaltes Zero Acetona Beira Alta Uva 450ml Wxz","KOSMETIC-PERFUMARIA","BEAUTY",{"v":13.89,"d":"R$ 13.89"},{"v":41.67,"d":"R$ 41.67"},"Beleza e Cuidado Pessoal","Manicure e Pedicure","3P"]
["Retiro","RO-0-001-002-00-00","RRSM50966","RZ-608421",1,"U",4572408,"Spray Defrizante Protetor Térmico Salon Line Meu Liso Hialurônico 240ml","DROGARIAAGAPEAMA123","BEAUTY",{"v":13.53,"d":"R$ 13.53"},{"v":13.53,"d":"R$ 13.53"},"Beleza e Cuidado Pessoal","Cuidados com o Cabelo","3P"]
["Retiro","RO-0-001-001-00-00","BXBJ79736","RZ-354195",1,"U",4398098,"Substrato Orquídeas Premium C/ Musgo Carvão Chips Pinus 3lts","VERDE.HOME","CONSTRUCTION & INDUSTRY",{"v":12.54,"d":"R$ 12.54"},{"v":12.54,"d":"R$ 12.54"},"Casa, Móveis e Decoração","Jardim e Ar Livre","3P"]
["Retiro","RO-0-001-001-00-00","LZLB50783","RZ-354195",4,"U",4396458,"Máscara Para Cílios Ruby Rose Tropico Define E Alonga","CHIEREGATOCOSMETICOS","BEAUTY",{"v":12.41,"d":"R$ 12.41"},{"v":49.64,"d":"R$ 49.64"},"Beleza e Cuidado Pessoal","Maquiagem","3P"]
["Retiro","RO-0-001-002-00-00","UGJB82297","RZ-608421",1,"U",4572408,"Pó Compacto Pure Matte Ruby Rose Linha Rosa Matificante - 6.5g","FATTOBEAUTY","BEAUTY",{"v":11.13,"d":"R$ 11.13"},{"v":11.13,"d":"R$ 11.13"},"Beleza e Cuidado Pessoal","Maquiagem","3P"]
["Retiro","RO-0-001-001-00-00","OBFR24635","RZ-354195",1,"U",4398098,"2kg Pedrinha Branca Aquário Jardim Jardinagem Decoração Vaso 5 Mm Branco 3.81 Cm","MADEIRA GARDEN","CONSTRUCTION & INDUSTRY",{"v":10.64,"d":"R$ 10.64"},{"v":10.64,"d":"R$ 10.64"},"Casa, Móveis e Decoração","Jardim e Ar Livre","3P"]
["Retiro","RO-0-001-001-00-00","MRYF74655","RZ-354195",1,"U",4398098,"2kg Terra Vegetal Pronta P/ Plantar 100% Natural Mogifertil","VERDE.HOME","CONSTRUCTION & INDUSTRY",{"v":10.63,"d":"R$ 10.63"},{"v":10.63,"d":"R$ 10.63"},"Casa, Móveis e Decoração","Jardim e Ar Livre","3P"]
["Retiro","RO-0-001-002-00-00","TZRS25527","RZ-574045",1,"U",4550194,"Porta Detergente Slim C/ Suporte P/ Esponja 500ml Preto Uz Preto","LOJADOPRIMO VARIEDADES","FURNISHING & HOUSEWARE",{"v":10.57,"d":"R$ 10.57"},{"v":10.57,"d":"R$ 10.57"},"Casa, Móveis e Decoração","Cozinha","3P"]
["Retiro","RO-0-001-002-00-00","FKFC10171","RZ-574045",1,"D",4550194,"Substrato Rosa Do Deserto Pronto Para Uso 2kg","VERDE.HOME","CONSTRUCTION & INDUSTRY",{"v":10.57,"d":"R$ 10.57"},{"v":10.57,"d":"R$ 10.57"},"Casa, Móveis e Decoração","Jardim e Ar Livre","3P"]
["Retiro","RO-0-001-001-00-00","SFQB94109","RZ-354195",5,"U",4398098,"Blindagem Poderosa Dapop 15ml Dp2267 Tom Do Primer Incolor","FATTOBEAUTY","BEAUTY",{"v":10.47,"d":"R$ 10.47"},{"v":52.35,"d":"R$ 52.35"},"Beleza e Cuidado Pessoal","Maquiagem","3P"]
["Retiro","RO-0-001-002-00-00","VFVU90250","RZ-574045",1,"U",4550194,"Aditivo Radiador P45 5l Rosa Anticorrosivo Pronto Uso Rosa- Rosa-chiclete","ONELUBLUBRIFICANTES","VEHICLE PARTS & ACCESSORIES",{"v":9.84,"d":"R$ 9.84"},{"v":9.84,"d":"R$ 9.84"},"Acessórios para Veículos","Lubrificantes e Fluidos","3P"]
["Retiro","RO-0-001-001-00-00","LXMC85899","RZ-346017",4,"U",4361188,"Pote Redondo Com Tampa Sobremesa 145ml Doces Bolo Pote 24un","E2PRODUTOSLTDA","FURNISHING & HOUSEWARE",{"v":4.25,"d":"R$ 4.25"},{"v":17,"d":"R$ 17.00"},"Casa, Móveis e Decoração","Cozinha","3P"]
["Retiro","RO-0-001-001-00-00","EJAB57136","RZ-346017",1,"U",4361700,"Óleo Neem Puro 100ml Natural Orgânico Controle De Pragas","TECNOFLYOFICIAL","CONSTRUCTION & INDUSTRY",{"v":3.9,"d":"R$ 3.90"},{"v":3.9,"d":"R$ 3.90"},"Casa, Móveis e Decoração","Jardim e Ar Livre","3P"]

{"sheet":"Resumo","index":1,"n_rows":14,"n_cols":14,"rows_kept":14,"merged":[[0,0,0,1]]}
[{"$f":"'3P'!D2","v":"LOTE 3/10/11/12/13 - (Novembro'25) - RC02 - 3P"},{"$nulls":10},"Vertical","SUM de Qtd","SUM de Valor Total"]
["QUANTIDADE",{"$f":"'3P'!E6","v":965},{"$nulls":9},"OTHERS",544,{"v":27245.66,"d":"R$ 27,245.66"}]
["VALOR REF.",{"$f":"'3P'!L6","v":{"v":49270.57,"d":"49,270.57"}},{"$nulls":9},"CONSTRUCTION & INDUSTRY",133,{"v":5091.26,"d":"R$ 5,091.26"}]
["OFERTA",{"$nulls":10},"FURNISHING & HOUSEWARE",64,{"v":4590.439999999999,"d":"R$ 4,590.44"}]
[{"$nulls":11},"VEHICLE PARTS & ACCESSORIES",57,{"v":4030.26,"d":"R$ 4,030.26"}]
[{"$nulls":11},"CPG",47,{"v":3693.970000000001,"d":"R$ 3,693.97"}]
[{"$nulls":11},"HEALTH",27,{"v":1718.7399999999998,"d":"R$ 1,718.74"}]
[{"$nulls":11},"BEAUTY",43,{"v":988.3100000000001,"d":"R$ 988.31"}]
[{"$nulls":11},"SPORTS",34,{"v":823.34,"d":"R$ 823.34"}]
[{"$nulls":11},"FASHION",7,{"v":511.12,"d":"R$ 511.12"}]
[{"$nulls":11},"T & B",7,{"v":500.88000000000005,"d":"R$ 500.88"}]
[{"$nulls":11},"TECHNOLOGY",1,{"v":45.39,"d":"R$ 45.39"}]
[{"$nulls":11},"HOME ELECTRONICS",1,{"v":31.2,"d":"R$ 31.20"}]
[{"$nulls":11},"Total geral",965,{"v":49270.57,"d":"R$ 49,270.57"}]

{"sheet":"Cronograma","index":2,"n_rows":19,"n_cols":3,"rows_kept":19}
["Segue abaixo cronograma do processo:","Data e Endereço","Horário"]
[]
["1. Envio do contrato de compra e venda para análise e assinatura","Em até 1 dia após o fechamento"]
["1. Envio do contrato de compra e venda para análise e assinatura","Em até 1 dia após o fechamento"]
["2. Transferência do valor do pagamento pelo provedor","Em até 1 dia após o fechamento"]
["3. Solicitar ao Fiscal a emissão da nota de lançamento do lote"]
["4. Separação física (feito);","Em até 5 dias após o fechamento do lote","Das 9:00 às 15:00 - Horário de almoço: 12:00 às 13:00"]
["4. Recolha de lotes pelo provedor."]
["5. Carro","1 toco"]
["6. Reforço que é expressamente proibido pelo Meli o carregamento em caminhões Sider e caminhões com plataforma."]
["7. Provedor que estiver com alguma pendência junto ao Meli, as ofertas serão desconsideradas até sua regularização."]
["Local de carregamento: ","Mercado Livre Sumaré - ROD ADAUTO CAMPO DALL'ORTO - SN\nCOMPLEMENTO GALPÃO 01\nCEP: 13.178-440\nJARDIM MANCHESTER (NOVA VENEZA) - SUMARÉ/SP\n"]
[]
[]
["2.7. A COMPRADORA declara e concorda que poderá haver diferença, tanto para mais como menos, da quantidade/classificação dos produtos contidos em referido lote, não podendo essa diferença ultrapassar o limite de 5% (cinco por cento).\n"]
["2.7.1. Caso seja constatada a diferença, inferior ou superior a 5% (cinco por cento), a COMPRADORA deverá informar a VENDEDORA sobre a divergência em até 72 (setenta e duas) horas, do pagamento e recebimento do lote dos Produtos."]
["5.1. Sem prejuízo dos demais direitos ou recursos cabíveis, o não cumprimento de quaisquer das cláusulas e condições previstas no presente Contrato acarretará à COMPRADORA o pagamento de multa correspondente a 10% (dez por cento) do valor do Preço."]
[]
["Caso o envio da comunicação não seja feito no prazo, a divergência será considerada aceita pela COMPRADORA."]